Rajt, két vereséggel megkezdődött Szegeden a főiskolás fallabda-vb

Elmentve itt :
Bibliográfiai részletek
Dokumentumtípus: Cikk
Megjelent: 2006-08-29
Sorozat:Délmagyarország 96 No. 202
Kulcsszavak:Szeged, 5. főiskolás squash világbajnokság, Sport fallabda, Eseménynaptár Szeged 2006. 08-09.
Online Access:http://dmarchiv.bibl.u-szeged.hu/136794
LEADER 00533nab a2200145 i 4500
001 delm136794
005 20191211095508.0
008 191211s2006 hu o 0|| hun d
040 |a SZTE Délmagyarország Archívum  |b hun 
041 |a hun 
245 0 0 |a Rajt, két vereséggel   |h [elektronikus dokumentum] :  |b megkezdődött Szegeden a főiskolás fallabda-vb 
260 |c 2006-08-29 
300 |a 15 
490 0 |a Délmagyarország  |v 96 No. 202 
695 |a Szeged, 5. főiskolás squash világbajnokság, Sport fallabda, Eseménynaptár Szeged 2006. 08-09.